[Event "Barcelona Rubi op-B 5th"]
[Site "Barcelona"]
[Date "2004.04.??"]
[Round "5"]
[White "Pinera Valverde, Jesus"]
[Black "Cabello Munoz, Angel"]
[Result "1-0"]
[WhiteElo "1790"]
[BlackElo "1720"]
[PlyCount "101"]
[EventDate "2004.04.25"]
[EventType "swiss"]
[EventRounds "7"]
[EventCountry "ESP"]
[SourceTitle "EXT 2007"]
[Source "ChessBase"]
[SourceDate "2006.11.23"]
[SourceVersion "1"]
[SourceVersionDate "2006.11.23"]
[SourceQuality "1"]

1. d4 d5 2. Nf3 Nf6 3. c4 e6 4. Nc3 c5 5. Bg5 cxd4 6. Nxd4 Be7 7. cxd5 exd5 8. e3 0-0 9. Be2 b6 10. 0-0 Bb7 11. Rc1 Nc6 12. Nxc6 Bxc6 13. Bf3 Ne4 14. Bxe7 Qxe7 15. Nxd5 Bxd5 16. Qxd5 Nf6 17. Qb3 Rad8 18. Rfd1 Rfe8 19. Rxd8 Rxd8 20. Rd1 g6 21. Rd3 Qc7 22. Rxd8+ Qxd8 23. g3 Kg7 24. Qa4 a5 25. Qd4 Qxd4 26. exd4 Kf8 27. Kf1 Ke7 28. Ke2 Kd6 29. Kd3 g5 30. h3 h5 31. g4 h4 32. Kc4 Nd7 33. Kb5 Kc7 34. Be4 Nf6 35. f3 Nd7 36. Bd5 f6 37. Be6 Nb8 38. d5 Kb7 39. d6 Nc6 40. Bd5 Kb8 41. Bxc6 a4 42. Be8 a3 43. bxa3 f5 44. Kc6 Kc8 45. gxf5 b5 46. f6 b4 47. axb4 Kd8 48. f7 Kc8 49. f8Q Kb8 50. Qe7 Ka8 51. Qb7# 1-0